000 00317nam a2200145Ia 4500
008 240112s2016 xx 000 0 und d
022 _a9405429
041 _aeng
082 _a612
100 _aPORTA M.
245 _aACTA DIABETALOGICA
260 _bSPRINGER
_c2016
300 _a514-1068
_c4-6
440 _v53
999 _c1145020
_d1145020